00925nam a2200241 i 450000100060000000300090000600500170001500700030003200800410003502000180007608000250009410000400011924501220015926000390028130000220032049000220034265000710036465000570043583000300049285200220052299900170054495201220056115683ES-MaACL20250808012057.0t|000504s1995 sp ||||0| spa j a84-87715-54-0 a271-055.2(460.27 M.)1 aMuñoz Fernández, Angela.98441310aAcciones e intenciones de mujeres b: vida religiosa de las madrileñas (ss. XV-XVI) / cAngela Muñoz Fernández. aMadrid : bHoras y Horas, c[1995] a222 p. ; c21 cm.1 aMujeres en Madrid 4aÓrdenes y congregaciones religiosas de mujeres-zMadrid.915494707aVida monástica y religiosa femenina2embne91555600 aMujeres en Madrid9179213 aES-MaACLjL-23058 c15683d15683 00104070aATENEOMbATENEOMcDEPO2d2008-01-17eSCl0oL-23058p1015942r2023-02-23 00:00:00w2023-02-23yMONOGRAFIA